00437nam a22001337a 4500003000400000005001700004008004100021040000800062050001100070082001100081245014500092260005600237300001000293OSt20221122094240.0221122b |||||||| |||| 00| 0 eng d cDLC bAL374C bAL374C aChristian Management in a VUCA World:bReflection from a Global Pandemic Context/cEdited by Aby Alexandar, Prasad Phillips and Reji Samuel. aChennai:bChristian Institute of Management,c2022. a198p.